| 000 | 01137nam a2200193Ia 4500 | ||
|---|---|---|---|
| 003 | GCL | ||
| 008 | 140319s9999 xx 000 0 ara d | ||
| 040 |
_aGCL / _cGCL |
||
| 082 | 0 | 4 |
_aط813.02 _bن ح |
| 100 | 1 | _aنهاد جاد | |
| 245 | 1 | 0 |
_aحكايات يعسوب\ جرس القطة-الاسماك الصغيرة-الحماروالثعلب \العصفور والوطواط-الاغنام والكلب-الاسد والارنب\الببغاء الثرثارة التى امسكت اللص-شئ ما حدث للقمر-الولد والذئب \الغراب والثعلب-النملة والجندب-بيضة من ذهب\الفتاة والثلج-الصياد الصغيرالذى يحب الاسماك- فار المدينة وفار القرية\الثعلب والعنقود-قصة الاشجاروالفاس-حدث فى منتصف الليل-الاسد والفار / _cنهاد جاد |
| 260 |
_aالقاهرة : _bدار الشروق |
||
| 300 |
_aمتعدد ؛ _c24 سم |
||
| 490 |
_aحكايات يعسوب _v0 |
||
| 650 | 0 | 4 | _aالاطفال |
| 650 | 0 | 4 | _aالقصص |
| 650 | 0 | 4 | _aقصص الاطفال |
| 942 |
_2ddc _cBK |
||
| 999 |
_c57868 _d57868 |
||